Encuesta Nacional de Jóvenes - República Dominicana, 1992 /

Salvato in:
Dettagli Bibliografici
Autore principale: Holguín Tejada, Ramón
Altri autori: Herold, Joan M. Morris, Leo
Natura: testo
Pubblicazione: Santo Domingo: IEPD
Tags: Aggiungi Tag
Nessun Tag, puoi essere il primo ad aggiungerne!!

MARC

LEADER 00000 a a2200000 04500
001 24788
003
040
090 |a 174700  
100 |a Holguín Tejada, Ramón  
245 |a Encuesta Nacional de Jóvenes - República Dominicana, 1992 /  |c Ramón Holguín Tejada 
260 |a Santo Domingo:   |b IEPD  
300 |a 200 p   |b **no definido**   |b fonodiscos  
700 |a Herold, Joan M.   |a Morris, Leo  
999 |c 16975  |d 16975